Guía técnica para la detección de daños en la infraestructura de centros educativos públicos
محفوظ في:
| المؤلف الرئيسي: | |
|---|---|
| التنسيق: | كتاب |
| اللغة: | Spanish |
| منشور في: |
[San José], Costa Rica
2016
|
| الموضوعات: | |
| الوسوم: |
إضافة وسم
لا توجد وسوم, كن أول من يضع وسما على هذه التسجيلة!
|
MARC
| LEADER | 00000nam a22000007a 4500 | ||
|---|---|---|---|
| 003 | 012338 | ||
| 005 | 20221231144042.0 | ||
| 008 | 160304b2016 cr a|||| |||| 00| ||spa d | ||
| 040 | |c cru CEDI | ||
| 090 | |a TFG 7502 | ||
| 100 | |9 3386 |a Bolaños Quirós, Juan Carlos | ||
| 245 | |a Guía técnica para la detección de daños en la infraestructura de centros educativos públicos | ||
| 260 | |a [San José], Costa Rica |c 2016 | ||
| 300 | |a xi,95 hojas; ilustraciones(algunas a color) | ||
| 500 | |a Proyecto de graduación (licenciatura en ingeniería civil)--Universidad de Costa Rica. Facultad de Ingeniería. Escuela de Ingeniería Civil | ||
| 650 | |x MAMPOSTERIA |x ESPECIFICACIONES TECNICAS |x LAMINAS DE ASBESTO CEMENTO |x PROYECTOS DE CONSTRUCCION - CONTROL DE CALIDAD |x GESTION DE COMPRAS - PLANIFICACION |x JUNTAS DE EDUCACION - ADMINISTRACION |x CONTROL ADMINISTRATIVO |x CONTROL INTERNO |x CONTRATOS ADMINISTRATIVOS - COSTA RICA |9 3387 | ||
| 942 | |c TFG | ||
| 999 | |c 16185 |d 16185 | ||
